Normal view
MARC view
- القانون الدولي العام -- حقوق الانسان -- المنظمات الدولية
Entry Topical Term
001 - CONTROL NUMBER
- control field: 11695
003 - CONTROL NUMBER IDENTIFIER
- control field: JO-AjAnu
005 - DATE AND TIME OF LATEST TRANSACTION
- control field: 20230606072157.0
008 - FIXED-LENGTH DATA ELEMENTS
- fixed length control field: 230606|| aca||aabn | a|a d
040 ## - CATALOGING SOURCE
- Original cataloging agency: JO-AjAnu
- Transcribing agency: JO-AjAnu
150 ## - HEADING--TOPICAL TERM
- Topical term or geographic name entry element: القانون الدولي العام -- حقوق الانسان -- المنظمات الدولية
670 ## - SOURCE DATA FOUND
- Source citation: Work cat.: (JO-AjAnu)6025: تأليف علوان ، عبدالكريم , author 11694, الوسيط في القانون الدولي العام ( الكتاب الثاني )القانون الدولي المعاصر